000 00600nam a22001937a 4500
999 _c6688
_d6688
003 AR-CdUCM
008 190319b ||||| |||| 00| 0 spa d
040 _aMUNICIPALIDAD PROVINCIAL DEL CUSCO
_cBIBLIOTECA MUNICIPAL DEL CUSCO
082 _a082 /
_bC48
100 _aCervantes Saavedra, Miguel de
_93055
245 _aDon Quijote de la Mancha /
260 _aLima :
_bUniverso,
_c1975.
300 _a330 páginas ;
_c17 cm.
440 _aColección autores clásicos
_n45
_918813
650 _aNovelas españolas
_9584
650 _aEdad de Oro 1500-1700
_93058
942 _2ddc
_cLIBROS
945 _aafb